000 00500nam a2200181Ia 4500
999 _c27298
_d27298
003 OSt
005 20210104105819.0
008 190216s9999||||xx |||||||||||||| ||und||
020 _a9788171305568
040 _coclc
082 _a894.8121
_bCHA/C
100 _aChacko, Chemmanam
_97459
245 0 _aChintheru /
_cChemmanam Chacko
260 _bDc Books,
_c1995.
_aKottayam:
300 _a150p
650 _aKavithkal
942 _cBK
_2ddc
_h894.8121
_iCHA/C
_k894.8121
_mCHA/C